000 00389nam a2200133Ia 4500
005 20260326100026.0
008 260326s9999||||xx |||||||||||||| ||und||
100 _aSebastián, Santiago
245 0 _aArquitectura Colonial en Popayan y el valle del Cauca /
_cSantiago Sebastián
260 _bFondo de Cultura Económica
300 _a157 p.
650 _aARQUITECTURA COLONIAL
942 _cBK
999 _c6394
_d6394